LEADER 01422nam1 2200433 450 001 990003113470203316 005 20080603093344.0 035 $a000311347 035 $aUSA01000311347 035 $a(ALEPH)000311347USA01 035 $a000311347 100 $a20080603d--------km-y0itay50------ba 101 $aita 102 $aIT 105 $a||||||||001yy 200 1 $aViaggiatori francesi in Puglia dal Quattrocento al Settecento$f[a cura di] Fulvia Fiorino 210 $aFasano$cSchena 215 $a2 v.$d22 cm 225 2 $aBiblioteca della ricerca. Puglia europea$fGiovanni Dotoli 410 0$12001$aBiblioteca della ricerca 454 1$12001 461 1$1001-------$12001 463 \1$1001990003113510203316$12001 $a<> : Quattrocento-Seicento 463 \1$1001990003113530203316$12001 $a<> : Settecento 606 0 $aPuglia$xDescrizione e viaggi$zSec. 15.-18. 676 $a914.57504 702 $aFIORINO,$bFulvia 801 0$aIT$bsalbc$gISBD 912 $a990003113470203316 951 $aII.4.D.$bDSLL 959 $aBK 969 $aDSLL 979 $aDSLL$b90$c20080603$lUSA01$h0911 979 $aDSLL$b90$c20080603$lUSA01$h0914 979 $aDSLL$b90$c20080603$lUSA01$h0915 979 $aDSLL$b90$c20080603$lUSA01$h0916 979 $aDSLL$b90$c20080603$lUSA01$h0933 996 $aViaggiatori francesi in Puglia dal Quattrocento al Settecento$91020903 997 $aUNISA LEADER 01054nam0-22003491i-450- 001 990006529390403321 005 20071119104612.0 035 $a000652939 035 $aFED01000652939 035 $a(Aleph)000652939FED01 035 $a000652939 100 $a20010426d1982----km-y0itay50------ba 101 0 $aita 105 $ay-------001yy 200 1 $a<>150 ore dell'emarginazione$eoperai e giovani degli anni '70$fA cura di F. Barbano 210 $aMilano$cAngeli$d1982 215 $a301 p.$d22 cm 225 1 $aSaggi e ricerche dell'Istituto di scienze politiche Gioele Solari, Università di Torino$v34 532 11$a<>centocinquanta ore dell' emarginazione 676 $a361.2 702 1$aBarbano,$bFilippo 801 0$aIT$bUNINA$gRICA$2UNIMARC 901 $aBK 912 $a990006529390403321 952 $aCOLLEZ. 409 (34)$b21301$fFSPBC 952 $aXV R 307$fDTE 952 $aXXVII-A-35$b4928$fMAS 959 $aFSPBC 959 $aDTE 959 $aMAS 996 $a150 ore dell'emarginazione$9620275 997 $aUNINA